00593nam a22001697a 450000500170000002000270001703500130004403700210005708200130007810000240009124501350011525000120025026000420026227000700030430000270037470000220040120170601101113.0 a9789386394132c1275.00 aB-666067 adplbVariety/Ven a343.5404 aSinghania, Vinod K. aTaxmann's direct taxes :cby Vinod Kumar Singhania [and] Kapil Singhaniablaw & practice with special refrence to tax planning / a57th ed aNew DelhibTaxmann Publicationsc2016 a59/32, New Rohtak Road,bNew Delhie110005k+91-11-45562222l-m- aI-28,1607p.c25cm(pbk) a Singhania, Kapil